|
|
|
|
| LEADER |
01401nam a2200409 i 4500 |
| 001 |
nkc20162841255 |
| 003 |
CZ PrNK |
| 005 |
20161123090239.0 |
| 007 |
ta |
| 008 |
161017s2016 xr a g 000 p cze |
| 015 |
|
|
|a cnb002841255
|
| 020 |
|
|
|a 978-80-7465-220-2
|q (brožováno)
|
| 035 |
|
|
|a (OCoLC)965748118
|
| 040 |
|
|
|a OLA001
|b cze
|e rda
|
| 072 |
|
7 |
|a 821.162.3-1
|x Česká poezie
|2 Konspekt
|9 25
|
| 080 |
|
|
|a 821.162.3-1
|2 MRF
|
| 080 |
|
|
|a (0:82-193)
|2 MRF
|
| 100 |
1 |
|
|a Král, Robin,
|d 1981-
|7 jo2007399814
|4 aut
|
| 245 |
1 |
0 |
|a Byl jeden pán /
|c napsal Robin Král ; nakreslil Jiří Slíva
|
| 250 |
|
|
|a Vydání první
|
| 264 |
|
1 |
|a Červený Kostelec :
|b Pavel Mervart,
|c 2016
|
| 300 |
|
|
|a 107 stran :
|b ilustrace ;
|c 21 cm
|
| 336 |
|
|
|a text
|b txt
|2 rdacontent
|
| 337 |
|
|
|a bez média
|b n
|2 rdamedia
|
| 338 |
|
|
|a svazek
|b nc
|2 rdacarrier
|
| 490 |
1 |
|
|a Edice současné české poezie ;
|v svazek 68
|
| 655 |
|
7 |
|a česká poezie
|7 fd133958
|2 czenas
|
| 655 |
|
7 |
|a limeriky
|7 fd119161
|2 czenas
|
| 655 |
|
9 |
|a Czech poetry
|2 eczenas
|
| 655 |
|
9 |
|a limericks (poetry)
|2 eczenas
|
| 700 |
1 |
|
|a Slíva, Jiří,
|d 1947-
|7 jk01111924
|4 ill
|
| 830 |
|
0 |
|a Edice současné české poezie (Pavel Mervart)
|0 s
|
| 910 |
2 |
|
|a BOA001
|b 2-1376.279
|
| 990 |
|
|
|a BK
|
| 995 |
|
|
|a 01
|
| 991 |
|
|
|b 201610
|c NOV
|
| 996 |
6 |
|
|b 2610684744
|c 2-1376.279
|l MZK
|r Sklad / do 1 hodiny
|n 0
|p p.v.
|w 001583457
|u 000010
|a 1
|e BOA001
|j MZK50
|s P
|